trouver nom latin des espèces - Statistiques

Statistiques générales
  • Ce quiz a été pris 10 fois
    9 depuis la dernière actualisation
  • Le résultat moyen est 19 sur 30
Statistiques - réponses
Hint Réponse % Correct
sureau noir sambucus nigra
100%
sorbier des oiseaux sorbus aucuparia
100%
érable champêtre acer campestre
83%
érable plane acer platanoides L
83%
bouleau pendant betula pendula
83%
cèdre de l'atlas cedrus atlantica
83%
cononéaster de Franchet cononeaster franchetti
83%
cornouiller sanguin cornus sanguinea
83%
pin sylvestre pinus sylvestris L
83%
platane platanus x hispanica
83%
thuya d'Orient platycladus orientalis L
83%
laurier-cerise prunus laurocerasus
83%
rosier des chiens rosa canina
83%
séquoia géant sequoiadendron giganteum
83%
tilleul à grandes feuilles tilia platyphyllos
83%
vigne vitis vinifera
83%
érable sycomore acer pseudoplatanus L
67%
peuplier noir populus nigra
67%
lierre hedera helix L
50%
groseillier doré ribes aureum
50%
saule marsaut salix caprea
50%
marronnier d'Inde aesculus hippocastanum L
33%
buis commun buxus sempervirens L
33%
charme carpinus betulus L
33%
noisetier corylus avellana
33%
hêtre fagus sylvatica L
33%
merisier prunus avium
33%
amandier prunus dulcis
33%
ronce commune rubus fruticosus
17%
noyer juglans regia L
0%
Aucun quiz correspondant
Distribution des résultats
% des personnes avec chaque résultat
Percentile par nombre de réponses
Votre historique - résultats
Vous n’avez pas pris ce quiz depuis la dernière actualisation